| 000 | 02220nam0a2200361 4500 | ||
|---|---|---|---|
| 001 | RU\NLR\bibl\1172695 | ||
| 005 | 20260408192049.0 | ||
| 010 |
_a978-5-98916-016-7 _91050 |
||
| 021 |
_aRU _b2007-79255 _94266 |
||
| 035 | _a(NLR Aleph) 001159377 | ||
| 090 |
_a1527698 _c1527698 |
||
| 100 | _a20071226d2007 |||y0rusy50 ca | ||
| 101 | 0 | _arus | |
| 102 | _aRU | ||
| 105 | _aa ||||||||| | ||
| 200 | 1 | _aМатериалы научно-практического семинара "Русский язык и культура: проблема преподавания в вузах Российской Федерации", 10 октября - 13 октября 2007 года | |
| 210 |
_aКурск _cКГТУ _d2007 |
||
| 215 |
_a187 с. _cил. _d21 |
||
| 300 | _aЗагл. обл.: Русский язык и культура: проблема преподавания в вузах Российской Федерации | ||
| 300 | _aВ надзаг.: Федер. агентство по образованию, Гос. образоват. учреждение высш. проф. образования "Курск. гос. техн. ун-т" | ||
| 300 | _aНа тит. л.: Федер. целевая программа "Русский язык (2006-3010 годы)" | ||
| 320 | _aБиблиогр. в конце докл. | ||
| 512 | 1 | _aРусский язык и культура: проблема преподавания в вузах Российской Федерации | |
| 606 | 1 |
_aРусский язык _jСъезды, совещания и т.п. _91533567 _3RU\NLR\auth\66969347 |
|
| 606 |
_aРусский язык _jСъезды, совещания и т.п. _xПреподавание _xВысшая школа _92140889 _3RU\NLR\auth\661290375 |
||
| 686 | _aЧ486.131(2)я431 | ||
| 686 | _aШ141.12я431 | ||
| 710 | 1 | 2 |
_a"Русский язык и культура: проблема преподавания в вузах Российской Федерации", научно-практический семинар _eКурск _f2007 _9719180 _3RU\NLR\AUTH\8810109550 |
| 801 | 0 |
_aRU _bNLR _c20071226 _gRCR |
|
| 801 | 1 |
_aRU _bNLR _c20071226 |
|
| 942 | _cBOOK | ||
| 980 | _aNB | ||